Economic survey of Shamaspur village (district Saharanpur, UP): a case study in the structure and functioning of a village economy (Record no. 367242)

000 -LEADER
fixed length control field 00483cam a22001337a 4500
008 - FIXED-LENGTH DATA ELEMENTS--GENERAL INFORMATION
fixed length control field 180718b1959 xxu||||| |||| 00| 0 eng d
082 ## - DEWEY DECIMAL CLASSIFICATION NUMBER
Classification number T19x5421 G959
100 ## - MAIN ENTRY--PERSONAL NAME
Personal name Gupta, S.C.
245 ## - TITLE STATEMENT
Title Economic survey of Shamaspur village (district Saharanpur, UP): a case study in the structure and functioning of a village economy
Statement of responsibility, etc. by S.C. Gupta
260 ## - PUBLICATION, DISTRIBUTION, ETC.
Place of publication, distribution, etc. Bombay
Name of publisher, distributor, etc. Asia
Date of publication, distribution, etc. 1959
300 ## - PHYSICAL DESCRIPTION
Extent 148p.
650 ## - SUBJECT ADDED ENTRY--TOPICAL TERM
Topical term or geographic name entry element Community, Life, Rural - India (UP)
650 ## - SUBJECT ADDED ENTRY--TOPICAL TERM
Topical term or geographic name entry element Shamaspur - Econ. Conditions
Holdings
Withdrawn status Lost status Damaged status Not for loan Permanent Location Current Location Date acquired Full call number Barcode Date last seen Price effective from Koha item type
        Indian Institute of Public Administration Indian Institute of Public Administration 1994-05-11 T19x5421 G959 19895 2018-07-21 2018-07-21 Book

Powered by Koha